Asthma care in the community (Record no. 8038)

MARC details
000 -LEADER
fixed length control field 00497nam a22001937a 4500
003 - CONTROL NUMBER IDENTIFIER
control field OSt
005 - DATE AND TIME OF LATEST TRANSACTION
control field 20220926171823.0
008 - FIXED-LENGTH DATA ELEMENTS--GENERAL INFORMATION
fixed length control field 220926b ||||| |||| 00| 0 eng d
020 ## - INTERNATIONAL STANDARD BOOK NUMBER
International Standard Book Number 9780470030004
040 ## - CATALOGING SOURCE
Transcribing agency DNML
082 ## - DEWEY DECIMAL CLASSIFICATION NUMBER
Classification number WF553 W14a 2007
100 ## - MAIN ENTRY--PERSONAL NAME
Personal name Waldron ,Jill;
9 (RLIN) 16358
245 ## - TITLE STATEMENT
Title Asthma care in the community
Remainder of title Waldron ,Jill;
260 ## - PUBLICATION, DISTRIBUTION, ETC. (IMPRINT)
Name of publisher, distributor, etc. Wiley
Date of publication, distribution, etc. 2007
300 ## - PHYSICAL DESCRIPTION
Extent xi,187p;.
Other physical details ill.
Dimensions 22cm
504 ## - BIBLIOGRAPHY, ETC. NOTE
Bibliography, etc includes index, glossary
650 ## - SUBJECT ADDED ENTRY--TOPICAL TERM
Topical term or geographic name as entry element medicine
9 (RLIN) 324
942 ## - ADDED ENTRY ELEMENTS (KOHA)
Source of classification or shelving scheme Other/Generic Classification Scheme
Koha item type Open Shelf
Holdings
Withdrawn status Lost status Source of classification or shelving scheme Damaged status Not for loan Home library Current library Date acquired Source of acquisition Inventory number Total Checkouts Full call number Barcode Date last seen Price effective from Koha item type
    Other/Generic Classification Scheme     MUST Main Library MUST Main Library 26/09/2022 Donation 09/31500   WF553 W14a 2007 2022-8008 26/09/2022 26/09/2022 Open Shelf